| 000 | 00709nam a22001935i 4500 | ||
|---|---|---|---|
| 001 | 166429 | ||
| 003 | ES-MaACL | ||
| 005 | 20240126063023.0 | ||
| 008 | 050915m18901910fr | |||||||| ||fre d | ||
| 040 |
_aCAM _bspa _cCAM |
||
| 100 | 1 |
_aTolstói, Lev, _d1828-1910 _9110489 |
|
| 245 | 1 | 3 |
_aLa sonate à Kreutzer _b: édition augmentée d'une réplique de 'auteur / _cComte Léon Tolstoï. |
| 260 |
_aParis : _bAlphonse Lemerre éditeur, _c[s.a.] ( _eLagny : _fEmile Colin) |
||
| 300 |
_a276 p. ; _c18 cm. |
||
| 596 | _aProbablemente impreso en la última década del siglo XIX o primera del siglo XX. | ||
| 852 |
_aES-MaACL _jF-9010 _z-- Enc. pasta española |
||
| 999 |
_c166429 _d166429 |
||